000 00387nam a2200157Ia 4500
008 230524s9999 xx 000 0 und d
082 _a658.5
_bBES
100 _aVasanta Desai
245 0 _aManagement of a Small Scale Industry
250 _a12TH
260 _aNEW DELHI
_bHimalaya
_c2004
300 _aXVI;675
500 _aQuantity Number: 2
650 _aManagement
942 _cBK
999 _c30077
_d30077